00578 2200145 4500245006200000100002100062650003800083005001900121260005400140041001400194084000800208500016900216490003800385336000900423 aPustaka Pengetahuan dan TeknologicAnastasia YuwonohText aAnastasia Yuwono aPustaka Pengetahuan dan Teknologi a20231116090435 aJakartabPT.ENSIKLOPEDIA NASIONAL INDONESIA (ENI) aIndonesia a503 aDaftar Isi : 1.Mengenal Teknologi Informasi : Apa Itu Teknologi Informasi?,Bagaimana Komputer Bekerja?. 2.Windows : Apakah Windows itu?,Apakah Jendela Aplikasi Itu? aPustaka Pengetahuan dan Teknologi atext